Oscar Miglior Film - Statistics

Statistiche generali
  • Questo quiz è stato fatto 3.779 volte
    341 dall'ultimo reset
  • Il punteggio medio è 25 su 98
Statistiche sulle risposte
Anno Miglior Film % Corretto
1998 Titanic
70%
2024 Oppenheimer
58%
2025 Anora
56%
1973 Il Padrino
56%
2026 Una battaglia dopo l'altra
52%
2004 Il signore degli anelli - Il ritorno del Re
51%
2020 Parasite
51%
1995 Forrest Gump
45%
1929 Ali
43%
2023 Everything everywhere all at once
41%
2001 Il gladiatore
41%
1940 Via col vento
40%
1960 Ben-Hur
38%
1975 Il Padrino parte II
38%
1992 Il silenzio degli innocenti
36%
2019 Green Book
35%
1944 Casablanca
32%
2022 CODA - I segni del cuore
32%
2018 La forma dell'acqua
32%
2017 Moonlight
32%
2013 Argo
31%
1994 Schindler's List - La lista di Schindler
30%
2002 A Beautiful Mind
29%
1996 Braveheart - Cuore impavido
29%
1976 Qualcuno volò sul nido del cuculo
29%
1977 Rocky
29%
1999 Shakespeare in Love
29%
2012 The Artist
29%
2000 American Beauty
28%
2015 Birdman
28%
2021 Nomadland
28%
2014 12 Anni schiavo
27%
2005 Million Dollar Baby
27%
2008 Non è un paese per vecchi
27%
1989 Rain Man - L'uomo della pioggia
27%
2007 The Departed - Il bene e il male
27%
1985 Amadeus
26%
1983 Gandhi
26%
2011 Il discorso del re
25%
1991 Balla coi lupi
24%
1987 Platoon
24%
1980 Kramer contro Kramer
23%
1988 L'ultimo imperatore
23%
2010 The Hurt Locker
23%
1966 Tutti insieme appassionatamente
23%
2006 Crash - Contatto fisico
22%
2016 Il caso Spotlight
22%
2009 The Millionaire
22%
1962 West Side Story
22%
2003 Chicago
21%
1979 Il cacciatore
21%
1956 Marty, vita di un timido
21%
1990 A spasso con Daisy
20%
1981 Gente comune
20%
1959 Gigi
20%
1993 Gli spietati
20%
1997 Il paziente inglese
20%
1971 Patton, generale d'acciaio
20%
1941 Rebecca - La prima moglie
20%
1949 Amleto
19%
1951 Eva contro Eva
19%
1933 Grand Hotel
19%
1972 Il braccio violento della legge
19%
1978 Io e Annie
19%
1986 La mia Africa
19%
1974 La stangata
19%
1963 Lawrence d'Arabia
19%
1952 Un americano a Parigi
19%
1935 Accadde una notte
18%
1931 All'ovest niente di nuovo
18%
1934 Cavalcata
18%
1938 Emilio Zola
18%
1968 La calda notte dell'ispettore Tibbs
18%
1930 La canzone di Broadway
18%
1969 Oliver!
18%
1964 Tom Jones
18%
1970 Un uomo da marciapiede
18%
1984 Voglia di tenerezza
18%
1942 Com'era verde la mia valle
17%
1955 Fronte del porto
17%
1958 Il ponte sul fiume Kwai
17%
1947 I migliori anni della nostra vita
17%
1961 L'appartamento
17%
1936 La tragedia del Bounty
17%
1982 Momenti di gloria
17%
1954 Da qui all'eternità
16%
1957 Il giro del mondo in 80 giorni
16%
1943 La signora Miniver
16%
1965 My Fair Lady
16%
1950 Tutti gli uomini del re
16%
1967 Un uomo per tutte le stagioni
16%
1948 Barriera invisibile
15%
1953 Il più grande spettacolo del mondo
15%
1945 La mia via
15%
1946 Giorni perduti
14%
1932 I pionieri del west
14%
1937 Il paradiso delle fanciulle
13%
1939 L'eterna illusione
13%
Nessun quiz corrispondente trovato
Distribuzione punteggi
Percentuale di utenti per punteggio
Percentile per numero di risposta
I tuoi punteggi nel tempo
Non hai fatto questo quiz dall'ultimo reset